[Event "SVK-chT4 A21 1718"]
[Site "Slovakia"]
[Date "2017.11.26"]
[Round "5.2"]
[White "Hanzluvka, Peter"]
[Black "Vojtkova, Linda"]
[Result "1-0"]
[WhiteElo "1879"]
[BlackElo "1438"]
[PlyCount "105"]
[EventDate "2017.10.01"]
[EventType "team-tourn"]
[EventRounds "11"]
[EventCountry "SVK"]
[SourceTitle "EXT 2019"]
[Source "ChessBase"]
[SourceDate "2018.10.10"]
[SourceVersion "1"]
[SourceVersionDate "2018.10.10"]
[SourceQuality "1"]
[WhiteTeam "Brezova pod Bradlom"]
[BlackTeam "Modranka Komplet"]
[WhiteTeamCountry "SVK"]
[BlackTeamCountry "SVK"]

1. e4 c5 2. Nf3 Nc6 3. d4 cxd4 4. Nxd4 Nf6 5. Nc3 d6 6. Nxc6 bxc6 7. Bc4 e5 8. 0-0 Be7 9. Kh1 0-0 10. f4 exf4 11. Bxf4 Be6 12. Bxe6 fxe6 13. e5 Nd5 14. Nxd5 exd5 15. Qg4 dxe5 16. Bxe5 Bf6 17. Qe6+ Kh8 18. Bxf6 Rxf6 19. Rxf6 Qxf6 20. Qxf6 gxf6 21. Re1 Kg7 22. Kg1 Kf7 23. Kf2 Rb8 24. b3 a5 25. Re3 d4 26. Rh3 Kg6 27. Ke2 c5 28. Kd3 a4 29. Kc4 a3 30. Rf3 Re8 31. Rf2 Re1 32. b4 Rb1 33. bxc5 Rb2 34. c6 d3 35. Kxd3 Rb6 36. Rf4 Rxc6 37. Rb4 Re6 38. Rb3 Re1 39. Kd2 Rh1 40. h3 Rh2 41. Rg3+ Kf5 42. Kc3 h5 43. Kb3 Kf4 44. Rg6 Kf5 45. Rg8 Kf4 46. Kxa3 Ke3 47. Rg6 Kd4 48. Kb4 f5 49. a4 f4 50. a5 f3 51. c3+ Ke4 52. gxf3+ Kxf3 53. a6 1-0

[Event "SVK-ch U14 Girls"]
[Site "Liptovsky Mikulas"]
[Date "2017.04.23"]
[Round "2"]
[White "Korenova, Simona"]
[Black "Vojtkova, Linda"]
[Result "1-0"]
[WhiteElo "1607"]
[BlackElo "1516"]
[PlyCount "147"]
[EventDate "2017.04.22"]
[EventType "swiss"]
[EventRounds "9"]
[EventCountry "SVK"]
[SourceTitle "CBM 178 Extra"]
[Source "ChessBase"]
[SourceDate "2017.06.22"]
[SourceVersion "1"]
[SourceVersionDate "2017.06.22"]
[SourceQuality "1"]

1. c4 c5 2. Nc3 d6 3. g3 Nc6 4. Bg2 Nf6 5. Nf3 e6 6. e3 Be7 7. 0-0 0-0 8. d4 a6 9. d5 exd5 10. cxd5 Na7 11. a4 Bf5 12. Qb3 Qc7 13. Re1 Rab8 14. e4 Bg4 15. e5 dxe5 16. Nxe5 Bf5 17. Nc4 Nc8 18. Bf4 Bd6 19. Be3 h6 20. a5 Ng4 21. Na4 Nxe3 22. Rxe3 Na7 23. Qb6 Qxb6 24. axb6 Nb5 25. Nxd6 Nxd6 26. Nxc5 Nc4 27. Re7 Nxb6 28. Nxb7 Nc4 29. b3 Nb6 30. d6 Rfe8 31. Rae1 Bd7 32. Nc5 Bb5 33. d7 Rxe7 34. Rxe7 Rd8 35. Bh3 Kf8 36. Re1 Nxd7 37. Bxd7 Bxd7 38. Nxa6 Be6 39. b4 Bc4 40. Nc5 g6 41. Kg2 h5 42. Kf3 Bb5 43. Re5 Rb8 44. Ke3 Re8 45. Kd4 Rxe5 46. Kxe5 Ke7 47. Kd5 f5 48. Ne6 Bd7 49. Nc7 Kd8 50. Kd6 Bc8 51. Ne6+ Ke8 52. b5 Kf7 53. Nc5 Kf6 54. b6 g5 55. b7 Bxb7 56. Nxb7 f4 57. Nc5 Kf5 58. Ne6 fxg3 59. fxg3 h4 60. gxh4 gxh4 61. h3 Ke4 62. Ng7 Kf4 63. Nh5+ Kf3 64. Ke5 Kg2 65. Nf4+ Kf3 66. Kf5 Kg3 67. Kg5 Kf3 68. Nh5 Ke4 69. Kxh4 Kf5 70. Ng3+ Kg6 71. Kg4 Kf6 72. h4 Kg6 73. h5+ Kh6 74. Nf5+ 1-0